লোডিং...

Rashmirathi/

গ্রন্থ-পঞ্জীর বিবরন
প্রধান লেখক: Ramdhari Singh Dinkar
বিন্যাস: Printed Book
প্রকাশিত: Allahabad: Lokbharathi, 1994.
বিষয়গুলি:
LEADER 00672nam a22001691a 4500
082 |a H1  |b RAM/R 
100 |a Ramdhari Singh Dinkar  |9 165222 
245 |a Rashmirathi/  |c by Ramdhari Singh Dinkar 
260 |a Allahabad:  |b Lokbharathi,  |c 1994. 
300 |a 147p. 
650 |a Poetry Hindi  |9 165223 
650 |a Literature Hindi  |9 165224 
650 |a Literature  |9 165225 
942 |c BK 
999 |c 37491  |d 37491 
952 |0 0  |1 0  |4 0  |6 H_1_000000000000000_RAM_R  |7 0  |9 54330  |a SSUS  |b SSUS  |d 2015-01-08  |g 60.00  |o H1 RAM/R  |p 026845  |r 2015-01-08  |v 0.00  |w 2015-01-08  |y BK 
952 |0 0  |1 0  |4 0  |6 H_1_000000000000000_RAM_R  |7 0  |9 54331  |a SSUS  |b SSUS  |d 2015-01-08  |g 60.00  |o H1 RAM/R  |p 036675  |r 2015-01-08  |v 0.00  |w 2015-01-08  |y BK